Регионална библиотека "Любен Каравелов" - Русе

Прозорче (Запис номер 440781)

MARC детайли
000 -Лидер
Контролно поле с фиксирана дължина nam a22 a 4500
003 - Код на организацията, давaща контролен номер
Контролно поле BLK
005 - Дата и час на последна редакция
Контролно поле 20221105104610.0
008 - Елементи от данни с фиксирана дължина
fixed length control field 211220b bul|||||r ||||||| ||bul||
020 ## - Международен стандартен номер на книга ISBN
Международен стандартен номер на книга ISBN 9786197632002
040 ## - Източник на каталожния запис
Идентификатор на билиотеката - собственик на записа BLK
041 ## - Код за език
Код за езика на текст/звукозапис или на отделно заглавие Български
Код за езика КДБФ Български
080 ## - УДК
Текстов определител УДК Българска литература
УДК код - определител по УДК 821.163.2
УДК определител -93-34
УДК - код + определител 821.163.2-93-34
100 ## - Редна дума - Автор
R(LIN) 1299
Автор Александрова, Петя
Авторска отговорност първи автор
139 ## - Редно поле
Редна дума Александрова, Петя
Авторски знак Алекс - А 51
245 10 - Сведения за заглавието
Заглавие Прозорче
Редно поле (дума) написа Петя Александрова ; нарисува Иван Димов
257 ## - Страна на издаване
Страна на създаване/издаване България
260 ## - Област на издателските данни
Място на издаване, разпространение и проч. София
Име на издателя, разпространителя и проч. Ина
Година на издаване 2020
Печатница (София : Пулсио принт)
9 (RLIN) 216067
Издателство - префикс ISBN 978-954-9328-
300 ## - Физическа характеристика
Страници 94 с.
Илюстрации и др. с цв. ил.
Размери/Мащаб 24 см
380 ## - Жанр
Жанр Детска худож. лит.
500 ## - Общи забележки
Забележка Пълното име на авт. е Петя Александрова Иванова-Кандиларова
700 ## - Други автори (авторска отговорност)
Лично име Димов, Иван Иванов
Автороска отговорност (Описва отношението между автора и произведението) худож.
9 (RLIN) 382547
852 ## - Местоположение
Фондова буква Детски отдел
Систематично-азбучна сигнатура 821.163.2-93/А 51 П
852 ## - Местоположение
Форматна сигнатура Цб 311456
Фондова буква Хранилище
999 ## - СИСТЕМНИ КОНТРОЛНИ НОМЕРА
Koha biblionumber 440781
Koha biblioitemnumber 440781
942 ## - АРТИКУЛИ
Вид на библиотечния материал Книги
Скрит в OPAC Не
Периодичен библиозапис Да
Koha issues (borrowed), all copies 4
944 ## - СЪЗДАВАНЕ И РЕДАКЦИЯ на ЗАПИСА
Създаване/Редакция Създаване
Дата на регистрацията/редакция 2021-12-20
Служител, извършил регистрацията/редакцията ГГГ
944 ## - СЪЗДАВАНЕ И РЕДАКЦИЯ на ЗАПИСА
Създаване/Редакция Редакция
Дата на регистрацията/редакция 2022-03-14
Служител, извършил регистрацията/редакцията СТ
999 ## - СИСТЕМНИ КОНТРОЛНИ НОМЕРА
Koha biblioitemnumber 440781
Наличности
Код за отписване Код за изгубен артикул Източник на класификационната схема Код за повреда Коз за рестрикции Код за отдаване Артикулен № Име на библиотеката - собственик Име на библиотеката, в която се намира в момента Статус (Текущо местоположение) Дата на вписване в системата Местоположение - отдел Цена в лева Систематично азбучна сигнатура Баркод Цена в евро Служебен тип на артикула
  Не е изгубен Universal Decimal Classification Не е повреден без рестрикции заемане за дома 865937 Регионална библиотека "Любен Каравелов" Русе Регионална библиотека "Любен Каравелов" Русе Детски отдел 2021-12-20 Детски отдел 10.20 821.163.2-93/А 51 П 120000863407 5.22 Книги
  Не е изгубен Universal Decimal Classification Не е повреден без рестрикции заемане за дома 865938 Регионална библиотека "Любен Каравелов" Русе Регионална библиотека "Любен Каравелов" Русе Детски отдел 2021-12-20 Детски отдел 10.20 821.163.2-93/А 51 П 120000863406 5.22 Книги
  Не е изгубен Universal Decimal Classification Не е повреден само за читалня ползва се в читалня 876858 Регионална библиотека "Любен Каравелов" Русе Регионална библиотека "Любен Каравелов" Русе Хранилище 2022-03-18 Хранилище 12.00 Цб 311456 120000869310 6.14 Книги
  Не е изгубен Universal Decimal Classification Не е повреден без рестрикции заемане за дома 900526 Регионална библиотека "Любен Каравелов" Русе Регионална библиотека "Любен Каравелов" Русе Детски отдел 2022-08-17 Детски отдел 12.00 821.163.2-93/А 51 П 120000874330 6.14 Книги
Vip Innovations Ltd, Rousse, Bulgaria 2025